| 000 | 00000nam##2200000za#4500 |
| 001 | 9.603058 |
| 003 | CaOODSP |
| 005 | 20220107134004 |
| 007 | cr ||||||||||| |
| 008 | 150406|1990||||xxc|||||o f|0| 0 fre|d |
| 040 | |aCaOODSP|bfre |
| 043 | |an-cn--- |
| 086 | 1 |aH72-22/3-1990F-PDF |
| 110 | 2 |aCentre national d'information sur la violence dans la famille (Canada) |
| 245 | 10|aLes adolescents coupables d'infraction sexuelle / |h[ressource électronique]|cpar Gordon F. Phaneuf. |
| 260 | |aOttawa - Ontario : |bSanté Canada. |cJanvier 1990. |
| 300 | |a7p.|bréférences |
| 490 | 1 |aRenseignements du Centre national d'information sur la violence dans la famille |
| 500 | |aLe n° de catalogue (H72-22-3-1990F) de l'édition imprimée a été incorrectement copié dans l'édition électronique. |
| 590 | |a12-01-Supp|b2012-01-13 |
| 691 | 07|aCrime sexuel|2gcpds |
| 691 | 07|aJeune contrevenant|2gcpds |
| 720 | 1 |aPhaneuf, Gordon |
| 775 | 08|tAdolescent sexual offenders / |w(CaOODSP)9.572789 |
| 830 | #0|aRenseignements du Centre national d'information sur la violence dans la famille.|w(CaOODSP)9.500887 |
| 856 | 40|ahttp://publications.gc.ca|qPDF|s48 Ko|uhttps://publications.gc.ca/collections/Collection/H72-22-3-1990F.pdf |